| 000 | 004350000a22001810004500 | ||
|---|---|---|---|
| 001 | 2041 | ||
| 003 | CO-MdFUSB | ||
| 005 | 20170605164656.0 | ||
| 008 | 170605b xxu||||| |||| 00| 0 eng d | ||
| 040 | _cCO-MdBIC | ||
| 082 | 0 | 4 | _a863C D632d |
| 110 | 1 | _aWalt Disney | |
| 245 | 1 | 0 | _aLa dama y el vagabundo / Walt Disney |
| 260 | _aColombia : Walt Disney productions | ||
| 300 | _a24 P. | ||
| 650 | 1 | 4 | _aCuentos Clasicos |
| 942 | _cLGB | ||
| 999 |
_c49191 _d49191 |
||